La Guadeloupe en images - Statistiques

Statistiques générales
  • Ce quiz a été pris 459 fois
    455 depuis la dernière actualisation
  • Le résultat moyen est 13 sur 18
Statistiques - réponses
Par images Hint Réponse % Correct
Langue Créole guadeloupéen
95%
Sportif Teddy Riner
93%
Culture agricole Canne à sucre
92%
A nommé la Guadeloupe Christophe Colomb
91%
Île Marie-Galante
81%
Sous-préfecture Pointe-à-Pitre
81%
Spécialité culinaire Colombo de cabri
80%
Volcan et point culminant La Soufrière
80%
Chef-lieu Basse-Terre
77%
Pays le plus proche Dominique
75%
Chanteur Francky Vincent
70%
Course à la voile Route du Rhum
65%
Pointe Pointe des Châteaux
62%
Sportive Marie-José Pérec
58%
Sportif Lilian Thuram
53%
Chutes d’eau Chutes du Carbet
52%
Sportive / Politique Laura Flessel
39%
Prix Nobel de littérature Saint-John Perse
8%
Aucun quiz correspondant
Distribution des résultats
% des personnes avec chaque résultat
Percentile par nombre de réponses
Votre historique - résultats
Vous n’avez pas pris ce quiz depuis la dernière actualisation